New international (Registro nro. 31689)
[ vista simple ]
| 000 -LÍDER | |
|---|---|
| Campo fijo de descripción fija | 008060000a22002410004500 |
| 001 - NÚMERO DE CONTROL | |
| Campo de control | 151 |
| 003 - IDENTIFICADOR DEL NÚMERO DE CONTROL | |
| Campo de control | CO-MdFUSB |
| 005 - FECHA Y HORA DE LA ULTIMA TRANSACCIÓN | |
| control field | 20160531123617.0 |
| 008 - ELEMENTOS DE LONGITUD FIJA -- INFORMACIÓN GENERAL | |
| Campo fijo de descripción fija -- Información general | 160531t1997 miu f |||| 00| 0 eng d |
| 020 ## - NÚMERO INTERNACIONAL NORMALIZADO PARA LIBROS | |
| Número Internacional Normalizado del libro | 0-310-48170-8 |
| 040 ## - FUENTE DE CATALOGACIÓN | |
| Agencia de catalogación original | CO-MdFUSB |
| Idioma de catalogación | Español |
| Agencia que realiza la transcripción | CO-MdFUSB |
| Agencia que realiza la modificación | CO-MdFUSB |
| 041 0# - CÓDIGO DE IDIOMA | |
| Código de idioma para texto/pista de sonido o título separado | eng |
| 082 04 - NÚMERO DE CLASIFICACIÓN DECIMAL DEWEY | |
| Número de clasificación | R 221.3 V253n |
| 245 10 - TÍTULO | |
| Título del Material | New international |
| Parte restante del título - Subtitulo | : Dictionary of Old Testament theology & exegesis |
| Mención de responsabilidad, etc. | / Willem A. VanGemeren, Editor general |
| 264 ## - PRODUCCIÓN, PUBLICACIÓN, DISTRIBUCIÓN, MANUFACTURA, Y COPYRIGHT | |
| Lugar de producción, publicación, distribución, manufactura | Grand Rapids, Michigan |
| Nombre del productor, publicador, distribuidor | : Zondervan, |
| Fecha de producción, publicación, distribución, manufactura, o copyright | 1997 |
| 300 ## - DESCRIPCIÓN FÍSICA | |
| Extensión | 1156 Pag. |
| 336 ## - TIPO DE CONTENIDO | |
| Fuente | rdacontent |
| Término de tipo de contenido | |
| Código de tipo de contenido | |
| 337 ## - TIPO DE MEDIO | |
| Fuente | rdamedia |
| Nombre del tipo de medio | |
| Código del tipo de medio | |
| 338 ## - TIPO DE SOPORTE | |
| Fuente | rdacarrier |
| Nombre del tipo de soporte | |
| Código Tipo de soporte | |
| 505 ## - NOTA DE CONTENIDO | |
| Nota de contenido con formato preestablecido | 1. Theology 2. Criticism, interpretatio 3. Exegesis |
| 653 ## - TÉRMINO DE INDIZACIÓN - NO CONTROLADO | |
| Término no controlado | BIBLIA. A.T. \ HEBREO |
| -- | - DICCIONARIOS |
| -- | \ TEOLOGIA |
| -- | \ HERMENEUTICA BIBLICA |
| 942 ## - TIPO DE MATERIAL (KOHA) | |
| Tipo de Item KOHA | Libros General |
| Estado de Material | Estado de Perdido | Forma de Clasificación | Estado de Dañado | No para Préstamo | Colección | Tomo | Biblioteca de Origen | Biblioteca Permanente | Fecha de Adquisición | Total de Préstamos | Signatura Topográfica | Código de Barras | Última vez visto | Ejemplar/Existencia | Fecha de Remplazo | Tipo de Material |
|---|---|---|---|---|---|---|---|---|---|---|---|---|---|---|---|---|
| Dewey Decimal Classification | Colección de Referencia | Biblioteca FUSBC | Biblioteca FUSBC | 31/08/2004 | R 221.3 V253n | 11881 | 07/10/2024 | Vol. 1, ej. 1 | 26/01/2016 | Libros de Referencia | ||||||
| Dewey Decimal Classification | Colección de Referencia | Biblioteca FUSBC | Biblioteca FUSBC | 31/08/2004 | R 221.3 V253n | 11885 | 20/06/2023 | Vol. 5, ej. 1 | 26/01/2016 | Libros de Referencia | ||||||
| Dewey Decimal Classification | Colección de Referencia | Biblioteca FUSBC | Biblioteca FUSBC | 31/08/2004 | R 221.3 V253n | 11884 | 16/04/2025 | Vol. 4, ej. 1 | 26/01/2016 | Libros de Referencia | ||||||
| Dewey Decimal Classification | Colección de Referencia | Biblioteca FUSBC | Biblioteca FUSBC | 31/08/2004 | R 221.3 V253n | 11883 | 15/03/2025 | Vol. 3, ej. 1 | 26/01/2016 | Libros de Referencia | ||||||
| Dewey Decimal Classification | Colección de Referencia | Biblioteca FUSBC | Biblioteca FUSBC | 31/08/2004 | R 221.3 V253n | 11882 | 16/04/2025 | Vol. 2, ej. 1 | 26/01/2016 | Libros de Referencia |
